Water resources and supply in Kuwait bachelor thesis
Guardado en:
| Autor principal: | |
|---|---|
| Formato: | Libro |
| Lenguaje: | eslovaco |
| Publicado: |
Bratislava
bachelor thesis topic
Masoud M.S.T. Alazemi
|
| Acceso en línea: | Ver en el OPAC |
| Etiquetas: |
Sin Etiquetas, Sea el primero en etiquetar este registro!
|
MARC
| LEADER | 00000nam a2200000 a 4500 | ||
|---|---|---|---|
| 005 | 20260127134005.0 | ||
| 008 | 131211 2013 000 0 slo d | ||
| 035 | |a vtls010564491 | ||
| 039 | 9 | |a 201312121012 |b mschk03 |y 201312110938 |z mschk03 | |
| 040 | |a STUSCHK1 |b slo |c STUSCHK1 |e AACR2 | ||
| 100 | 1 | |a Alazemi, Masoud M.S.T. | |
| 245 | 1 | |a Water resources and supply in Kuwait |b bachelor thesis |c Alazemi, Masoud M.S.T. | |
| 260 | |a Bratislava |b bachelor thesis topic |c Masoud M.S.T. Alazemi | ||
| 300 | |a 27 s. |b il. |c 30 cm | ||
| 500 | |a Obhájené: 17.06.2013 | ||
| 500 | |a Study programme: Engineering of Chemical and Environmental Technologies | ||
| 500 | |a Study field: Chemical Technologies | ||
| 500 | |a Workplace: Department of Environmental Engineering | ||
| 500 | |a Reg.No.: FCHPT-13306-45232 | ||
| 910 | |a SCHK95 | ||
| 999 | |c 1605 |d 1605 | ||